Music Quiz

Random Music or Lyrics Quiz
Score 0/133 Timer 10:00
0 Plays Today
Lyric % Correct
the
96.9%
the
96.9%
to
96.6%
I
95.7%
up
95.6%
I
95.6%
midnight
95.5%
I
95.3%
dancer
95.3%
I
95.3%
filled
95.3%
I
95.3%
past
95.3%
looked
95.3%
alone
95.3%
beat
95.3%
a
93.4%
the
93.1%
my
92.9%
Down
92.8%
Mainstreet
92.5%
beat
92%
body
91.9%
walk
89.6%
the
89.4%
the
89.1%
glass
89%
long
88.9%
downtown
88.9%
ladies
88.9%
the
88.8%
the
88.8%
on
87.4%
on
87.4%
on
87.3%
to
86.9%
and
85.6%
in
82.8%
Down
82.7%
my
80.4%
and
80%
to
79.6%
in
79.5%
to
79%
this
78.8%
Lyric % Correct
on
78.8%
on
78.6%
at
78.5%
other
78.3%
time
77.9%
In
76.6%
on
76.3%
and
76.2%
to
76.1%
Just
75.7%
stuff
74.1%
and
73.9%
do
71.9%
And
71.8%
As
66.8%
Her
66.1%
my
64.5%
was
64.3%
Down
63.8%
time
63.3%
made
62.2%
down
62.1%
her
62%
her
61.9%
she
61.8%
her
61.2%
street
61.2%
she
61.1%
her
60.5%
Down
59.9%
watch
59.4%
she
59.4%
that
59.2%
Mainstreet
59.2%
so
58.7%
em'
57.8%
back
55.7%
There
53.8%
Mainstreet
53.4%
nights
53%
that
52.7%
Mainstreet
52.2%
when
51.5%
all
51.3%
standing
50.5%
Lyric % Correct
loved
49.5%
losers
49.5%
way
49.3%
at
48.7%
watch
48.1%
remember
47.8%
get
47.8%
even
47.6%
watch
46.2%
I'm
45.2%
Through
44.9%
sometimes
42.1%
lonely
41.6%
long
40.5%
used
39.9%
courage
39.8%
Trying
39.5%
club
39.5%
lonely
38.4%
corner
37.4%
Well
37.1%
Through
36.2%
sleep
36.1%
now
35.9%
softly
32.9%
find
32.8%
feet
32.7%
little
31.9%
swaying
31%
sweet
31%
lovely
30.7%
Smokey
29.7%
drift
29.1%
stand
29%
young
28.9%
pool
28.8%
empty
28.6%
I'd
28.5%
halls
27.5%
hustlers
26%
closing
21.9%
outside
19.4%
Unlike
18.7%
Remove Ads.
Support Sporcle.
Get the best of Sporcle when you Go Orange. This ad-free experience offers more features, more stats, and more fun while also helping to support Sporcle. Thank you for becoming a member.

You're not logged in!

Compare scores with friends on all Sporcle quizzes.
OR
Log In

Show Comments

Extras

Top Quizzes Today


Score Distribution

Your Account Isn't Verified!

In order to create a playlist on Sporcle, you need to verify the email address you used during registration. Go to your Sporcle Settings to finish the process.

Report this User

Report this user for behavior that violates our Community Guidelines.

Details: